[Event "SLO-chT U16 Girls"]
[Site "Nova Gorica"]
[Date "2019.05.26"]
[Round "5"]
[White "Grilanc, Luna"]
[Black "Petauer, Ana Marija"]
[Result "0-1"]
[WhiteElo "1349"]
[BlackElo "1468"]
[PlyCount "96"]
[EventDate "2019.05.24"]
[EventType "team-swiss"]
[EventRounds "5"]
[EventCountry "SLO"]
[SourceTitle "EXT 2020"]
[Source "ChessBase"]
[SourceDate "2019.10.17"]
[SourceVersion "1"]
[SourceVersionDate "2019.10.17"]
[SourceQuality "1"]

1. d4 d5 2. Nf3 Nc6 3. Nc3 g6 4. e3 Bg7 5. Be2 Nf6 6. 0-0 0-0 7. Bd3 Bg4 8. e4 dxe4 9. Nxe4 Nxe4 10. Bxe4 Bxf3 11. Bxf3 Qxd4 12. Be3 Qxd1 13. Raxd1 Rfd8 14. Rd2 Rxd2 15. Bxd2 Bxb2 16. Rd1 Rd8 17. Bf4 Rxd1+ 18. Bxd1 e5 19. Bg5 a5 20. c4 Kg7 21. Bd2 b6 22. Ba4 Nb4 23. a3 Bxa3 24. f3 Nd3 25. Bc2 Bc5+ 26. Kf1 Nb2 27. Bc1 Nxc4 28. Ba4 Be3 29. Bb5 Bxc1 30. Bxc4 a4 31. Ke1 a3 32. Kd1 Bb2 33. Kc2 f5 34. Kd3 b5 35. Bb3 c6 36. Ba2 c5 37. h4 Kf6 38. g3 h6 39. g4 fxg4 40. fxg4 h5 41. gxh5 gxh5 42. Ke4 b4 43. Kd5 Kf5 44. Kxc5 Bc3 45. Kc4 e4 46. Kb3 e3 47. Kc2 e2 48. Kc1 e1Q+ 0-1